MARC details
| 000 -LEADER |
| campo de control de longitud fija |
01897nka a2200373 i 4500 |
| 001 - NÚMERO DE CONTROL |
| campo de control |
102942 |
| 003 - IDENTIFICADOR DE NÚMERO DE CONTROL |
| campo de control |
ES-MaACL |
| 005 - FECHA Y HORA DE LA ÚLTIMA TRANSACCIÓN |
| campo de control |
20250822063150.0 |
| 007 - CAMPO FIJO DE DESCRIPCIÓN FÍSICA--INFORMACIÓN GENERAL |
| campo de control de longitud fija |
t| |
| 008 - DATOS DE LONGITUD FIJA--INFORMACIÓN GENERAL |
| campo de control de longitud fija |
051221e1797 sp f | |r||1c|spa d |
| 080 ## - NÚMERO DE LA CLASIFICACIÓN DECIMAL UNIVERSAL |
| Número de la Clasificación Decimal Universal |
255.6-158 |
| 100 1# - ENTRADA PRINCIPAL--NOMBRE DE PERSONA |
| Nombre de persona |
Le Villain, Gérard René, |
| Fechas asociadas al nombre |
1740-1836 |
| Término indicativo de función/relación |
Grabador |
| 9 (RLIN) |
70939 |
| 245 11 - MENCIÓN DEL TÍTULO |
| Título |
[Marte] |
| Medio |
[Material gráfico] / |
| Mención de responsabilidad, etc. |
Dn Diego Velazquez Pinx ; Francisco Alcantara Del ; G.R. Le Villain Sculp 1797 |
| 260 ## - PUBLICACIÓN, DISTRIBUCIÓN, ETC. |
| Lugar de publicación, distribución, etc. |
[Madrid] : |
| Nombre del editor, distribuidor, etc. |
Se hallará en la Calcografía de la Imprenta Real, |
| Fecha de publicación, distribución, etc. |
1797 |
| 300 ## - DESCRIPCIÓN FÍSICA |
| Extensión |
1 estampa : |
| Otras características físicas |
grabado calcográfico ; |
| Dimensiones |
560 x 400 mm |
| 490 1# - MENCIÓN DE SERIE |
| Mención de serie |
Colección facticia de grabados ; |
| Designación de volumen o secuencia |
18 |
| RLIN |
184692 |
| 500 ## - NOTA GENERAL |
| Nota general |
Inscripción: "Retrato de Marte pintado por Dn Diego Velazquez de Silva, cuyo Original se halla en el Real Palacio de Madrid, tiene de latitud tres pies y medio, y seis y medio de longitud" |
| 500 ## - NOTA GENERAL |
| Nota general |
Estampa que reproduce, en sentido inverso, el lienzo de Velázquez que se conservaba en el Palacio Real de Madrid, hoy en el Museo del Prado |
| 530 ## - NOTA DISPONIBLE DE FORMULARIO FÍSICO ADICIONAL |
| Nota de formato físico adicional disponible |
Disponible en formato digital |
| 650 #7 - PUNTO DE ACCESO ADICIONAL DE MATERIA--TÉRMINO DE MATERIA |
| Término de materia o nombre geográfico como elemento de entrada |
Marte (Divinidad romana) |
| Fuente del encabezamiento o término |
embne |
| 9 (RLIN) |
241814 |
| 655 #7 - TERMINO DE INDIZACIÓN--GENERO/FORMA |
| Datos o término principal de género/forma |
Grabados calcográficos |
| Fuente del término |
tgfbne |
| 9 (RLIN) |
241761 |
| 655 #7 - TERMINO DE INDIZACIÓN--GENERO/FORMA |
| Datos o término principal de género/forma |
Grabados |
| Fuente del término |
tgfbne |
| 9 (RLIN) |
226846 |
| 655 #4 - TERMINO DE INDIZACIÓN--GENERO/FORMA |
| Datos o término principal de género/forma |
Reproducciones de obras de arte |
| 9 (RLIN) |
241931 |
| 700 1# - ENTRADA AGREGADA--NOMBRE PERSONAL |
| Nombre de persona |
Velázquez, Diego, |
| Fechas asociadas al nombre |
1599-1660 |
| Término indicativo de función/relación |
Artista |
| 9 (RLIN) |
113793 |
| 700 1# - ENTRADA AGREGADA--NOMBRE PERSONAL |
| Nombre de persona |
Alcántara, Francisco, |
| Fechas asociadas al nombre |
1764- |
| Término indicativo de función/relación |
Dibujante |
| 9 (RLIN) |
19492 |
| 710 2# - ENTRADA AGREGADA--NOMBRE DE ENTIDAD CORPORATIVA |
| Nombre de entidad corporativa o nombre de jurisdicción como elemento de entrada |
Calcografía de la Imprenta Real |
| Término indicativo de función/relación |
Editor |
| 9 (RLIN) |
241806 |
| 830 #0 - PUNTO DE ACCESO ADICIONAL DE SERIE-TÍTULO UNIFORME |
| Título uniforme |
Colección facticia de grabados ; |
| Designación de volumen o secuencia |
18 |
| 9 (RLIN) |
184692 |
| 852 4# - LOCALIZACIÓN |
| Ubicación |
ES-MaACL |
| Ubicación en estantería |
Depósito 2 |
| Número de control de estantería |
GF-2(18) |
| 856 4# - LOCALIZACIÓN Y ACCESO ELECTRÓNICOS |
| Identificador Uniforme de Recursos |
<a href="https://www.museodelprado.es/coleccion/obra-de-arte/marte/bde37b22-1ae0-4dc4-916b-cd8ce08e8ebf">https://www.museodelprado.es/coleccion/obra-de-arte/marte/bde37b22-1ae0-4dc4-916b-cd8ce08e8ebf</a> |
| Texto de enlace |
Versión en línea |
| Nota pública |
(Museo del Prado) |
| 856 4# - LOCALIZACIÓN Y ACCESO ELECTRÓNICOS |
| Identificador Uniforme de Recursos |
<a href="https://ceres.mcu.es/pages/Main">https://ceres.mcu.es/pages/Main</a> |
| Texto de enlace |
Versión en línea |
| Nota pública |
(CER.es (Colecciones en Red)) |
| 942 ## - ELEMENTOS DE ENTRADA SECUNDARIOS (KOHA) |
| Fuente del sistema de clasificación o colocación |
Clasificación decimal universal |
| Tipo de ítem Koha |
Grabado |
| Suprimir en OPAC |
No |